Notes on the application of the method of least squares to the adjustment of triangulation and level and traverse networks (Record no. 95174)

MARC details
000 -LEADER
fixed length control field 00591cam a2200205 4500
001 - CONTROL NUMBER
control field D2480
008 - FIXED-LENGTH DATA ELEMENTS--GENERAL INFORMATION
fixed length control field 090401t1929 xxu||||| |||| 00| 0 eng d
035 ## - SYSTEM CONTROL NUMBER
System control number (Sirsi) u69248
041 ## - LANGUAGE CODE
Language code of text/sound track or separate title eng
050 ## - LIBRARY OF CONGRESS CALL NUMBER
Classification number 511.4
100 ## - MAIN ENTRY--PERSONAL NAME
Personal name Clendinning, J.
245 ## - TITLE STATEMENT
Title Notes on the application of the method of least squares to the adjustment of triangulation and level and traverse networks
260 ## - PUBLICATION, DISTRIBUTION, ETC.
Place of publication, distribution, etc. Accra
Name of publisher, distributor, etc. Gold Coast Survey Department
Date of publication, distribution, etc. 1929
300 ## - PHYSICAL DESCRIPTION
Extent 81p. tables. 33cm
350 ## - PRICE (NR) (BK AM CF MU VM SE) [OBSOLETE]
Price 0.5
490 ## - SERIES STATEMENT
Series statement Professional Paper
Volume/sequential designation 1
700 ## - ADDED ENTRY--PERSONAL NAME
Personal name Yates, F.
942 ## - ADDED ENTRY ELEMENTS (KOHA)
Suppress in OPAC 0
948 ## - LOCAL PROCESSING INFORMATION (OCLC); SERIES PART DESIGNATOR (RLIN)
c (OCLC) 04/03/1997
Holdings
Withdrawn status Lost status Source of classification or shelving scheme Damaged status Not for loan Home library Current library Shelving location Date acquired Cost, normal purchase price Total Checkouts Full call number Barcode Date last seen Copy number Cost, replacement price Price effective from Koha item type
    Dewey Decimal Classification     London London Basement 14/09/1999 0.50   SHELF 316 30008091 06/08/2019 1 0.50 06/08/2019 Book